| 000 | 01084nas a2200301 4500 | ||
|---|---|---|---|
| 001 | BR7903230 | ||
| 003 | BR-BrBNA | ||
| 005 | 20231205083735.0 | ||
| 007 | ta | ||
| 008 | 230509b bl.|||p| |||| 00| 00por d | ||
| 040 |
_aBR-BrBNA _bpor _cBiblioteca Nacional de Agricultura |
||
| 041 | _a(Pt) | ||
| 072 | _aL70; L73 | ||
| 100 | 1 | _aMoraes, F.R. | |
| 100 | 1 | _aCosta, A.J. | |
| 100 | 1 | _aMoraes, J.R.E. de | |
| 100 | 1 | _aCosta, E.P. | |
| 100 | 1 | _aAvila, F.A. de (Faculdade de Medicina Veterinaria e Agronomia "Prof. Antonio Ruete" de Jaboticabal, SP (Brazil)) | |
| 245 | 1 | _aFrequencia de aglutininas anti-Listeria monocytogenes em soros de bovinos do municipio de Pocos de Caldas, Minas Gerais, Brasil [listeriose] | |
| 650 | _aDIAGNOSTICO | ||
| 650 | _aSORO-AGLUTINACAO | ||
| 650 | _aBOVINO | ||
| 650 | _aLISTERIOSE | ||
| 650 | _aMINAS GERAIS | ||
| 773 | 0 |
_tArquivos da Escola de Veterinaria da Universidade Federal de Minas Gerais (Brazil) _xISSN 0365-8384 _g(Apr 1979), v. 31(1) p. 19-21 _wBR7903230 |
|
| 909 |
_a202311 _bLúcia _c55 _dLúcia Elande |
||
| 942 |
_2AGRIS _n0 _cANA |
||
| 999 |
_c100893 _d100893 |
||